[Event "Madrid"]
[Site "Madrid"]
[Date "1996.05.18"]
[Round "9"]
[White "Topalov, Veselin"]
[Black "Kortschnoj, Viktor Lvovich"]
[Result "1-0"]
[WhiteElo "2700"]
[BlackElo "2645"]
[Annotator "Bologan,V"]
[PlyCount "57"]
[EventDate "1996.05.08"]
[EventType "tourn"]
[EventRounds "9"]
[EventCountry "ESP"]
[EventCategory "17"]
[SourceTitle "CBM 053"]
[Source "ChessBase"]
[SourceDate "1996.08.01"]
[SourceVersion "1"]
[SourceVersionDate "1996.08.01"]
[SourceQuality "1"]

1. e4 {Wedberg} e5 2. Nf3 Nc6 3. Bb5 a6 4. Ba4 Nf6 5. O-O Nxe4 6. d4 b5 7. Bb3
d5 8. dxe5 Be6 9. Nbd2 Nc5 10. c3 d4 11. Bxe6 Nxe6 12. cxd4 Ncxd4 13. a4 Be7
14. Nxd4 Qxd4 (14... Nxd4 {Wedberg} 15. axb5 (15. Ne4 O-O (15... Ne6 16. Be3
O-O 17. f4 Qxd1 18. Rfxd1 Rfb8 19. Rd7 Bf8 20. f5 $16 {1-0 Karpov,
An-Kortschnoj,V (18)/Wch30-Merano ;MAINB 1981 (41)}) 16. axb5 Nxb5 17. Be3 Qc8
18. Qc2 (18. Qd5 Rd8 19. Qc6 Qf5 20. f4 h5 21. h3 Rab8 22. Rfd1 $16 {Chandler,
M-Yusupov,A/Hastings-A1 ;TD 89\14 1989/1-0 (56)}) 18... Qe6 19. f4 f6 (19...
Rad8 20. Ra4 Rd7 21. Rfa1 Qd5 22. h3 $14 {1/2-1/2 Adams,M-Yusupov,A/
Hastings-A1 ;TD 89\14 1989 (36)}) 20. exf6 Bxf6 21. f5 Qe5 22. Bc5 $14 {
1/2-1/2 Ivanchuk,V-Yusupov,A/Linares 1989 (32)}) 15... Nxb5 16. Qg4 (16. Qc2
O-O 17. Nf3 Nd4 18. Nxd4 Qxd4 19. Qxc7 Bb4 20. e6 fxe6 21. Qc6 Qd6 22. Qe4 Bc5
23. Be3 Bxe3 {1/2-1/2 Kindermann,S-Mikhalchishin,A/Dortmund op-A (09) 1993})
16... O-O 17. Nf3 Qc8 18. Qg3 Qe6 19. Ra4 f5 20. Bg5 Rfe8 21. Bxe7 Rxe7 22. Ng5
Qd5 23. Nxh7 Qxe5 24. Qf3 Rd8 25. Ng5 $14 {Oll,L-Vucic,M/New York op (06) 1994/
1-0 (67)}) 15. axb5 {Until now this line was considered as equal but the way
Topalov won this game says that it is not so easy for Black to get back its
pawn.} Qxe5 16. bxa6 O-O {In this position White has many opportunities to
continue the game but nor 18.Nf3 neather 18.Qg4 does not give White any
advantage.} 17. Qa4 $1 (17. Nf3 Qb5 18. Qa4 Qxa4 19. Rxa4 Nc5 20. Ra5 (20. Rc4
{Wedberg} Rxa6 21. Nd4 Ra4 22. Rxa4 Nxa4 23. b3 Nb6 24. Nb5 Nd5 25. Rd1 Rd8 26.
Ba3 Nf4 27. Rxd8+ Bxd8 28. Kf1 Ne6 {1/2-1/2 Adams,M-Sokolov,I/Leon (04) ;CBM
48 1995}) 20... Rxa6 $10 {Psakhis,L-Dolmatov,S/Frunze URS ch 1981.}) (17. Qg4
Qb5 18. Qc4 Rfb8 19. Ra2 Ra7 20. Rd1 Qxc4 21. Nxc4 Rba8 22. Be3 Rxa6 23. Rxa6 {
1/2-1/2 DeFirmian,N-Timman,J/Biel 1995.}) (17. Re1 {Wedberg} Qb5 18. Qa4 Qxa4
19. Rxa4 Nc5 20. Ra3 Ne6 21. Ra1 Ra7 22. Nf3 {1/2-1/2 Popovic,P-Grivas,E/Dubai
olm (02) ;TD 86\02 1986}) 17... Nc5 (17... Rfb8 18. a7 (18. Nf3 Qb5 19. a7 Rb7
20. Qxb5 Rxb5 21. Be3 Bf6 22. Ra2 Kf8 23. Nd2 Bd4 24. Nc4 Rb7 25. Rfa1 Bxe3 26.
fxe3 $14 {Hjartarson,J-Smejkal,J/BL 8990 (1990) ;BL 1990/1/2-1/2 (53)}) 18...
Rb7 19. Nf3 Qd5 20. Be3 Bc5 21. Rad1 Qb3 22. Qxb3 Rxb3 23. Bxc5 Nxc5 24. Nd4
Rb7 25. Nc6 $16 {Ehlvest J. - Marin M./Tallinn 1989.}) 18. Qc4 Rfb8 19. Ra5 Qd6
20. Ne4 Nxe4 21. Qxe4 Qb4 22. Qxb4 Bxb4 23. Ra4 {Novelty.Nowdays it is not a
big deal when you shaw an improvement in the very deep ending. Rooks mission
on 'a4' is to attack the Black's bishop that creates a certain problems to
have the pawn back. Before was played 23.Ra2.} Rb6 24. a7 Bc5 25. Rd1 h6 $4 {
Kortschnoj is just waisting time after} (25... Rb7 26. Be3 Bxe3 27. fxe3 Kf8
28. Rda1 Rxb2 {Black is equalizing the game.}) 26. b4 $1 $16 Rxb4 (26... Bxb4
27. Be3 c5 28. Rd7 (28. Bf4 {Wedberg} Rb7 29. Bb8 $16) 28... Bd2 29. Kf1 Bxe3
30. fxe3 $16) 27. Rxb4 Bxb4 28. Be3 $18 Kf8 (28... c5 29. Rd7 c4 30. Bb6 $18) (
28... Ba5 29. Rd7 {+-}) 29. Rb1 {After 29...c5 the simple but convincing 30.
Bc5 Bc5 31.Rb8 is winning.} 1-0

[Event "Dos Hermanas"]
[Site "Dos Hermanas"]
[Date "1996.05.26"]
[Round "5"]
[White "Topalov, Veselin"]
[Black "Gelfand, Boris"]
[Result "1-0"]
[WhiteElo "2700"]
[BlackElo "2700"]
[Annotator "Huebner,R"]
[PlyCount "81"]
[EventDate "1996.05.21"]
[EventType "tourn"]
[EventRounds "9"]
[EventCountry "ESP"]
[EventCategory "19"]
[SourceTitle "CBM 053"]
[Source "ChessBase"]
[SourceDate "1996.08.01"]
[SourceVersion "1"]
[SourceVersionDate "1996.08.01"]
[SourceQuality "1"]

1. d4 d5 2. c4 c6 3. Nf3 Nf6 4. Nc3 dxc4 5. a4 Bf5 6. Ne5 e6 7. f3 c5 8. e4
cxd4 9. exf5 Nc6 10. Nxc6 bxc6 11. fxe6 fxe6 12. Qe2 {Soweit ich weiß, ist
dies ein neuer Versuch.} dxc3 13. Qxe6+ Qe7 14. Bxc4 (14. Qxe7+ Bxe7 15. bxc3
Nd5 16. Bd2 Bf6 17. Rc1 Rb8 18. Bxc4 Bxc3 (18... Nxc3 19. O-O Bd4+ 20. Kh1 Nxa4
21. Rfe1+ Kf8 22. Bf4 Rd8 23. Bg5 $16) 19. Bxd5 Bxd2+ 20. Kxd2 cxd5 21. Rc7 O-O
{dürfte Schwarz aushalten können.}) 14... Qxe6+ 15. Bxe6 cxb2 (15... Bb4 16.
Ke2 Nd5 $10 {sieht mir viel besser aus.}) 16. Bxb2 Bb4+ 17. Ke2 Ke7 18. Bc4
Rhd8 19. Rhd1 Rab8 (19... Kf8 {kam sehr in Betracht; Schwarz sollte meines
Erachtens versuchen, seinen Springer so bald wie möglich auf d5 zu verankern.})
20. g3 h5 $6 (20... Kf8 {kam noch immer in Betracht. Auch}) (20... a5 {gefällt
mir besser als der Textzug, der den Königsflügel unnötig schwächt.}) 21. Rd4
Ba5 $2 {Schwarz sollte die Diagonale a3-f8 nicht aufgeben.} (21... Rxd4 22.
Bxd4 a5 {war angezeigt.}) 22. Ba3+ Ke8 {Der Schaden ist schon nicht mehr zu
reparieren:} (22... Bb4 23. Rxd8 Kxd8 24. Rb1 a5 (24... c5 25. Bc1 $16 {
Jetzt ist der Läufer des Schwarzen plötzlich sehr schlecht geworden und steht
außer Spiel; zudem ermangelt Schwarz der Kontrolle der weißen Felder.}) 25.
Bxb4 $16 {Weiß erhält einen gefährlichen entfernten Freibauern auf der a-Linie.
}) 23. Rad1 Rxd4 24. Rxd4 Rb1 $6 (24... Rd8 $5) 25. Bd3 Re1+ 26. Kf2 Kf7 (26...
Nd5 27. Bg6+ $18) 27. Bc5 $18 Ra1 28. Bc4+ Ke8 29. Bd3 Kf7 30. Bxa7 Ra2+ 31.
Kg1 Ra1+ 32. Kg2 Ra2+ 33. Kh3 Ra3 34. f4 Be1 35. Bc5 Rc3 36. Bc4+ Ke8 37. Bb4
Rc1 38. Bxe1 Rxe1 39. a5 Ra1 40. a6 Ke7 41. Rd2 1-0

[Event "Leon"]
[Site "Leon"]
[Date "1996.??.??"]
[Round "2"]
[White "Topalov, Veselin"]
[Black "Leko, Peter"]
[Result "1-0"]
[WhiteElo "2700"]
[BlackElo "2625"]
[Annotator "Horvath,Ta"]
[PlyCount "129"]
[EventDate "1996.06.??"]
[EventType "tourn"]
[EventRounds "6"]
[EventCountry "ESP"]
[EventCategory "17"]
[SourceTitle "CBM 054"]
[Source "ChessBase"]
[SourceDate "1996.10.01"]
[SourceVersion "1"]
[SourceVersionDate "1996.10.01"]
[SourceQuality "1"]

1. e4 c5 2. Nf3 Nc6 3. d4 cxd4 4. Nxd4 Nf6 5. Nc3 e5 6. Ndb5 d6 7. Bg5 a6 8.
Na3 b5 9. Bxf6 gxf6 10. Nd5 f5 11. c3 Bg7 12. exf5 Bxf5 13. Nc2 Be6 14. g3 O-O
15. Bg2 a5 16. O-O f5 17. Qe2 $1 (17. Re1 $5 {Svidler-Filippov/CBM/51/695})
17... Rb8 18. Rfd1 Kh8 19. Rd2 Qd7 20. Rad1 Qf7 21. b3 Na7 $6 (21... e4 22. Nf4
Be5 $6 (22... Bxc3 $1 23. Rxd6 Nd8 $13) 23. Rxd6 Bxd6 24. Rxd6 Nd8 25. Nd4 Bd7
26. f3 $1 $16) 22. Kh1 Nc8 23. Na3 Na7 24. f4 $1 Bxd5 25. Rxd5 exf4 26. gxf4
Bxc3 27. Qd3 $1 Bb2 28. Nc2 Nc6 29. Rxb5 Nb4 30. Nxb4 axb4 31. Rxb8 Rxb8 32.
Qxd6 Qf8 33. Qd7 Qc5 34. Bd5 Rf8 35. Qe6 Bg7 36. Rg1 Qc7 37. Rg3 Qd8 38. Qc6
Qe7 39. Be6 h6 40. Kg2 Rf6 41. Qa8+ Bf8 42. Bd5 Kh7 43. Bg8+ Kh8 44. Kh3 $1 {
Die weisse Konig ist hier unangreiffbar.} Rd6 45. Bc4 Rd8 46. Qa5 Bg7 47. Qxf5
Rf8 48. Qd5 Qf6 49. Qd7 Qf5+ 50. Qxf5 Rxf5 51. Kg4 Ra5 52. Rg2 Bf6 53. Kf3 Bg7
54. Ke4 Kh7 55. h3 Kh8 56. Be6 Kh7 57. Rc2 Bc3 58. Kd3 Kg7 59. f5 Kf6 60. Rg2
Ke5 61. Kc4 Ra7 62. h4 Rc7+ 63. Kd3 Kf4 64. Rg6 Rg7 65. a4 1-0

[Event "Leon"]
[Site "Leon"]
[Date "1996.??.??"]
[Round "4"]
[White "Topalov, Veselin"]
[Black "Polgar, Judit"]
[Result "1-0"]
[WhiteElo "2700"]
[BlackElo "2675"]
[Annotator "Boensch,U"]
[PlyCount "82"]
[EventDate "1996.06.??"]
[EventType "tourn"]
[EventRounds "6"]
[EventCountry "ESP"]
[EventCategory "17"]
[SourceTitle "CBM 054"]
[Source "ChessBase"]
[SourceDate "1996.10.01"]
[SourceVersion "1"]
[SourceVersionDate "1996.10.01"]
[SourceQuality "1"]

1. e4 c5 2. Nf3 d6 3. d4 cxd4 4. Nxd4 Nf6 5. Nc3 a6 6. Be2 e6 7. f4 Nbd7 (7...
Be7 8. Be3 Qc7 9. Bf3 (9. g4 d5 $5 10. exd5 (10. e5 Ne4 11. Nxe4 dxe4 12. h4
Nd7 13. c4 b6 14. Qc2 Bb7 15. O-O-O Nc5 16. Kb1 O-O-O 17. g5 Nd3 18. Rhf1 Bc5
19. Bxd3 Bxd4 20. Bxd4 Rxd4 {1/2-1/2 Bologan,V-Novikov,I/St.Petersburg op (09)
;EXP 46 1995}) 10... Bb4 11. dxe6 Bxc3+ 12. bxc3 Qxc3+ 13. Kf2 fxe6 14. Qd3 Qc7
15. Bf3 O-O $132 {1/2-1/2 Yemelin,V-Novikov,I/Novgorod op (08) ;EXP 49 1995 
(16)}) (9. O-O O-O 10. a4 b6 11. Bf3 Bb7 12. f5 $6 (12. g4 d5 13. e5 Ne4 $13)
12... e5 13. Nde2 Nbd7 $10 {Lutz,C-Gelfand,B/Cap d'Agde (01) ;EXP 43 1994/0-1 
(61)}) 9... Nc6 10. Qe2 Nxd4 $1 (10... O-O 11. O-O-O Nxd4 12. Rxd4 e5 13. fxe5
dxe5 14. Rc4 Qd8 15. Rd1 Bd7 16. Bc5 b5 17. Bxe7 Qxe7 18. Rc7 Rfc8 19. Rxc8+
Rxc8 $10 {1/2-1/2 Gipslis,A-Arnason,J/Jurmala 1987 (39)}) 11. Bxd4 e5 12. Be3
b5 13. O-O-O O-O 14. g4 $6 (14. fxe5 dxe5 15. Nd5 Nxd5 16. exd5 Bd6 17. g4 $132
) (14. f5 b4 15. Nd5 Nxd5 16. Rxd5 a5 $10) 14... b4 15. Nd5 Nxd5 16. exd5 exf4
17. Bxf4 a5 $15 {Anand,V-Topalov,V/Amsterdam VSB (02) ;CBM 52 1996/0-1 (51)})
8. Bf3 Qb6 (8... Qc7 9. O-O Be7 (9... Rb8 10. a4 b6 11. Kh1 Bb7 12. Qe1 h5 13.
f5 e5 14. Nb3 Be7 15. Qg3 Kf8 16. Bg5 $16 {Hlgatian,G-Haroutjunian,D/Erevan op
(06) ;EXP 52 1996/0-1 (53)}) 10. Kh1 Nf8 (10... h6 $6 11. Qe1 Rg8 12. f5 Ne5
13. Be2 b5 14. a3 Bd7 15. Qg3 $16 {1-0 Totsky,L-Petrushin,A/Kstovo op (07) ;
EXP 42 1994 (39)}) 11. e5 dxe5 12. fxe5 N6d7 13. Bf4 Ng6 14. Bh5 $13 {1-0
Emelin,V-Galkin,A/St.Petersburg op (05) 1994 (28)}) 9. a3 e5 10. Nde2 Qc5 11.
g4 exf4 12. Nxf4 Ne5 13. h3 Be6 14. g5 Nfd7 15. Nfd5 g6 $6 (15... Rc8 16. Be3
Qa5 17. Be2 Bxd5 18. Qxd5 Qxd5 19. exd5 Be7 $10) 16. Be2 Bg7 17. Be3 Qc6 18.
Qd2 Nc4 (18... Bxd5 19. Nxd5 Nc5 20. Qb4 Kf8 21. O-O-O a5 22. Qe1 (22. Qb6 $6
Nxe4 23. Bb5 Qxb6 24. Nxb6 $44) 22... Nxe4 23. Nb6 Re8 24. Qxa5 $16) 19. Bxc4
Qxc4 20. O-O-O Rc8 21. Kb1 $16 Rd8 22. b3 Qc6 23. Bd4 Bxd4 24. Qxd4 Ne5 25. Qf2
Kd7 (25... Nd7 26. h4 $16) 26. Rd4 f5 (26... Qc5 27. Rhd1 Nc6 (27... Qxa3 28.
Rb4 Rb8 29. Qb6 $18) 28. Na4 Qxa3 29. Nab6+ Ke8 30. Nc7+ $18) 27. gxf6 $18 Rhf8
28. Rhd1 Ke8 29. Qe3 Rc8 30. R1d2 Qc5 31. Kb2 b5 (31... Nc6 32. Na4 Qa5 (32...
Qa7 33. Nab6 Nxd4 34. Nxc8 Bxc8 35. Rxd4 $18) 33. Nab6 Nxd4 34. b4 $18) 32. Qg3
Rf7 33. h4 a5 34. a4 b4 35. Nb5 Rb7 36. Kb1 (36. Ne3 $2 Rxb5 37. axb5 Qc3+ 38.
Kb1 Bxb3 $13) 36... Rxb5 37. axb5 Qxb5 38. Qf4 (38. h5 $18) 38... Nf7 39. Qf2
Rc5 40. Nf4 Re5 41. Rxd6 Nxd6 (41... Nxd6 42. Rxd6 Bg8 43. Qa7 $18) 1-0

[Event "Dortmund SuperGM 24th"]
[Site "Dortmund"]
[Date "1996.07.06"]
[Round "2"]
[White "Lobron, Eric"]
[Black "Topalov, Veselin"]
[Result "0-1"]
[WhiteElo "2585"]
[BlackElo "2750"]
[Annotator "Stohl,I"]
[PlyCount "94"]
[EventDate "1996.07.05"]
[EventType "tourn"]
[EventRounds "9"]
[EventCountry "GER"]
[EventCategory "18"]
[SourceTitle "CBM 054"]
[Source "ChessBase"]
[SourceDate "1996.10.01"]
[SourceVersion "1"]
[SourceVersionDate "1996.10.01"]
[SourceQuality "1"]

1. d4 {Dolmatov} Nf6 2. Nf3 e6 3. c4 c5 4. d5 d6 5. Nc3 exd5 6. cxd5 g6 7. h3
Bg7 (7... a6 8. a4 Qe7 9. Bg5 Bg7 10. e3 h6 (10... Nbd7 11. Bd3 (11. Be2 $142)
11... h6 12. Bh4 O-O 13. O-O Re8 14. a5 Qf8 15. Nd2 Ne5 16. Bc2 g5 17. Bg3 Bd7
18. f4 gxf4 19. exf4 Ng6 20. Qf3 Bb5 21. Rfe1 Rxe1+ 22. Rxe1 Re8 23. Ra1 $6 Qe7
24. Nxb5 axb5 25. Re1 Qd8 26. Rxe8+ Nxe8 $17 {Jakobsen,O-De Firmian,N/
Copenhagen PC/1996/}) 11. Bh4 Nbd7 12. Be2 Ne5 13. Nd2 g5 14. Bg3 Bf5 15. O-O
O-O 16. a5 Rae8 17. Ra3 Nfd7 18. Kh1 Bh7 19. Rb3 Rb8 20. f4 Nd3 21. Nc4 Nb4 22.
e4 $1 b5 23. axb6 Nxb6 24. f5 Nxc4 25. Bxc4 $14 {[%csl Rh7] ץh7,Hansen,
Cu-Emms,J/Copenhagen PC/1996/}) 8. e4 O-O 9. Bd3 b5 10. Nxb5 (10. O-O b4 11.
Ne2 Re8 12. Ng3 Nfd7 13. Qc2 Ba6 14. Bxa6 Nxa6 15. Bg5 Bf6 16. Bxf6 Qxf6 17.
Nd2 Nc7 18. Nc4 Nb5 19. f4 Qh4 20. Kh2 Nb6 21. Ne3 Qe7 22. Rae1 h5 23. Qf2 Qf6
24. e5 $1 dxe5 25. f5 Nd6 26. fxg6 Qxf2 27. Rxf2 fxg6 28. Rf6 $40 {Petursson,
M-Borbjerggaard,L/Copenhagen PC/1996/}) 10... Re8 11. O-O Nxe4 12. Re1 (12. Qb3
a6 13. Na3 Nd7 14. Nc4 Rb8 (14... Ndf6 15. Re1 Ra7 16. Qb6 $1 Qxb6 17. Nxb6 Bf5
18. a4 a5 19. Bb5 Rb8 20. g4 Rxb6 21. gxf5 Rbb7 22. Ra3 Re7 23. fxg6 hxg6 24.
Rae3 Bh6 25. Rxe4 Rxe4 26. Bxh6 Rxe1+ 27. Nxe1 Nxd5 28. Nc2 Nc7 29. Bf4 $16 {
Epishin,V-Nepomnishay,MI/St.Petersburg-ch/1996/}) 15. Qc2 f5 16. Bf4 Nb6 17.
Nxb6 Qxb6 18. Rab1 Bd7 19. Nd2 Nxd2 20. Qxd2 Bd4 $5 (20... Bb5 $10) 21. Rfe1
Rxe1+ 22. Qxe1 Re8 23. Qd2 a5 24. b3 Be5 25. a3 Bb5 26. Bxb5 Qxb5 27. Bxe5 Rxe5
28. Re1 $10 {Karpov,An-Kamsky,G (15)/Fide-Wch (Elista)/1996/}) (12. Qa4 Bd7 13.
Bxe4 Bxb5 14. Qxb5 Rxe4 15. Bg5 Qb6 16. Qd3 Re8 17. Rab1 Nd7 18. b3 Ne5 19.
Nxe5 Bxe5 20. Rbc1 Bg7 21. Rfe1 Rxe1+ 22. Rxe1 a6 23. Qe3 Qb5 $10 {Franco,
Z-Otero,E/Capablanca mem-B/1991/}) 12... a6 (12... Bd7 13. a4 a6 14. Na3 Nf6
15. Nc4 Rxe1+ 16. Nxe1 Ra7 17. Qf3 Bc8 18. Nc2 Bb7 19. Bg5 h6 20. Bxf6 Bxf6 21.
N2e3 Bg5 22. Qg3 Ba8 23. a5 Qf6 24. Ng4 Qf4 25. Qxf4 Bxf4 26. Re1 $36 {Horvath,
J-Dinstuhl,V/Budapest FS03 GM/1994/}) 13. Qa4 (13. Na3 Nf6 14. Rxe8+ Nxe8 15.
Nc4 Nd7 16. Bg5 Ndf6 17. Bc2 Bb7 18. Ne3 Nc7 19. Bb3 h6 20. Bh4 Bc8 21. Qc2 Nb5
22. Rd1 Bd7 23. Bg3 Rc8 24. Qd3 Nh5 25. Bh2 Qf6 26. Nc4 Nf4 27. Qe3 g5 28. Nb6
Re8 29. Nxd7 Qd8 30. Nde5 Bxe5 $132 {Chuchelov,V-Hendriks,W/NLD-ch op/1992/})
13... Nd7 $5 $146 {A nice new idea. The pawn sacrifice is only temporary and
seems to solve Black's problems in this line after 13.Qa4.} (13... Bd7 14. Qa3
Qb6 15. Nc3 Nxc3 16. Rxe8+ Bxe8 17. bxc3 Nd7 18. Bf4 Qc7 19. Rb1 $5 (19. Re1
Nf6 20. c4 a5 21. Qc1 Bd7 22. Bd2 a4 23. Bc3 Re8 24. Rxe8+ $10 {1/2,Wells,P-De
Firmian,N/Copenhagen PC/1996/}) 19... Nb6 20. c4 a5 21. Ng5 Nd7 22. Bf1 Ne5 23.
Nf3 Nxf3+ 24. Qxf3 Rb8 25. Re1 Bd7 26. Qg3 Bf8 27. Bd3 Re8 28. Rf1 Ba4 29. h4
$14 {Krasenkov,M-De Firmian,N/Polanica Zdroj/1995/}) 14. Rxe4 (14. Bxe4 Nb6 15.
Qb3 axb5 16. Qxb5 Ba6 (16... Bb7 $5 17. Bg5 f6 $13) 17. Qb3 Bc4 $10) 14... Rxe4
15. Qxe4 (15. Bxe4 Nb6 16. Qb3 axb5 17. Qxb5 Ba6 $10) 15... Nf6 (15... axb5 {
Dolmatov} 16. Bxb5 Nf6) 16. Qh4 (16. Qa4 Bd7 17. Qb3 axb5 18. Bxb5 Bxb5 19.
Qxb5 Nxd5 $15 {[%cal Ga8a2,Gb8b2,Gg7b2] <->a,b,/^a1-h8}) 16... axb5 17. Bxb5
Qb6 18. a4 Bb7 (18... Qxb5 $2 {Dolmatov} 19. axb5 Rxa1 20. Qf4 Nxd5 21. Qxd6
Rxc1+ 22. Kh2) 19. Bh6 Bxd5 (19... Bh8 $5 $13) 20. Nd2 (20. Bxg7 {Dolmatov}
Kxg7 21. Qf4 $15) 20... Qb7 $10 21. Bxg7 Kxg7 22. Qg3 (22. f3 $5 Bc6 23. Bxc6
Qxc6 24. b3 $10) 22... Nh5 $1 23. Qc3+ (23. Qxd6 $6 Bxg2 24. Qxc5 Kg8 $5 $44 {
[%csl Rf2,Rg1,Rh3] ׻} (24... Nf4 $2 25. Qd4+) (24... Bxh3 $2 25. Qc3+)) 23...
Kg8 24. f3 (24. Bf1 Nf4 25. g3 Ne6) 24... Qe7 25. Ne4 $6 (25. Nf1 $142 Nf4 26.
Qd2 (26. Re1 {Dolmatov} Qg5 $19) 26... Qg5 27. Kh2 $10) 25... Bxe4 26. fxe4 $6
{Now White will have insufficient compensation for the pawn, Black will
activate his N fast.} (26. Re1 d5 (26... Nf4 27. fxe4 (27. Rxe4 {Dolmatov} Qg5
$17) 27... Qg5 28. Qf3 $15) 27. fxe4 d4 $15) 26... Qxe4 27. Re1 Qb7 {[%cal
Yh5f4,Yf4e6,Ye6d4] /\Nf4-e6-d4} 28. Rf1 Ng7 29. Qf6 (29. b4 $5 {Dolmatov} cxb4
30. Qxb4) 29... Nf5 (29... Qd5 $2 30. Bc6 $1 Qxc6 31. Qxf7+ Kh8 32. Qf8+ $1)
30. Re1 $2 (30. Bc4 d5 $17) (30. Rxf5 $5 gxf5 31. Qxd6 $15 {[%csl Rc5,Rf5,Rf7,
Rg8,Rh7] ק,K The immediate exchange sacrifice was a good chance to save the
game. Black's weak pawns and K give White realistic drawing chances. Later
White adopts this idea in a worse version.} (31. Qg5+ {Dolmatov} Kf8 32. Qh6+
Ke7 33. Qg5+ Ke6 $17)) (30. g4 Nd4 (30... Ne3 31. Rf2 Qd5 $36) 31. Qxd6 Nxb5
32. axb5 Qxb5 $17 33. Rxf7 $2 Ra1+ {[%cal Rg8f7] /\Kf7-+}) 30... Qd5 {Black
activates his Q-it's zig-zag will decide the game.} 31. b3 (31. Be8 Qd4+ 32.
Qxd4 Nxd4 $17) 31... Qd2 $1 {A strong move. Before taking tha b3P Black chases
White's R away from the e-file.} (31... Qd4+ $6 32. Qxd4 Nxd4 33. Bc4 $15) (
31... Qxb3 32. Bd7 Qg3 $17 (32... Qg3 {Dolmatov} 33. Rf1)) 32. Rf1 Qe3+ 33. Kh2
Qg3+ 34. Kg1 Qxb3 35. Rxf5 (35. Bd7 {Dolmatov} Ng3 $17) 35... gxf5 {White has
no perpetual check.} 36. Qg5+ (36. Qxd6 Qe3+ 37. Kh1 f4 $19) 36... Kf8 37. Qh6+
Ke7 38. Qh4+ f6 $8 39. Qxh7+ Qf7 40. Qxf5 Kd8 $19 {[%csl Gc5,Gd6] Now Black's
K is safe and the united passed pawns will sooner or later decide the game.
The exchange sacrifice came too late.} 41. Bc6 Ra7 42. Bd5 Qe7 {[%cal Re7e1,
Re1e5] /\Qe1-e5-+} 43. Qb1 Kc8 (43... Kc7 {Dolmatov} 44. a5) 44. Qf5+ Kc7 45.
Qb1 Qe3+ (45... Qd7 46. a5 Rxa5 47. Qb7+ Kd8 48. Qb8+ Ke7 49. Qg8 $132) 46. Kh1
Qd2 $1 47. Qb3 (47. Bf3 d5 $19) 47... Qc1+ (47... Qc1+ 48. Kh2 Qf4+ 49. Kh1
Qxa4 $19) 0-1

[Event "Dortmund SuperGM 24th"]
[Site "Dortmund"]
[Date "1996.07.12"]
[Round "7"]
[White "Topalov, Veselin"]
[Black "Leko, Peter"]
[Result "1-0"]
[WhiteElo "2750"]
[BlackElo "2630"]
[Annotator "Boensch,U"]
[PlyCount "119"]
[EventDate "1996.07.05"]
[EventType "tourn"]
[EventRounds "9"]
[EventCountry "GER"]
[EventCategory "18"]
[SourceTitle "CBM 054"]
[Source "ChessBase"]
[SourceDate "1996.10.01"]
[SourceVersion "1"]
[SourceVersionDate "1996.10.01"]
[SourceQuality "1"]

1. e4 {Petursson Dolmatov} c5 2. Nf3 d6 3. d4 cxd4 4. Nxd4 Nf6 5. Nc3 Nc6 6.
Bc4 e6 7. Be3 Be7 8. Qe2 O-O 9. O-O-O Bd7 (9... a6 10. Bb3 Qc7) 10. f4 (10. Bb3
$5 Nxd4 11. Bxd4 Qa5 12. Rhg1 {P g4-g5,f4~/=} b5 $2 (12... Bc6 13. g4 e5 14.
Nd5 Nxd5 15. exd5 Bb5 $13) (12... Rac8 13. g4 e5 14. Be3 Rxc3 $1 $44 {Ivanov,
Alexa-Dlugy, Philadelphia 1989}) 13. e5 $1 dxe5 14. Qxe5 $14 {1-0 Yudasin,
L-Fedorowicz,J/Novi Sad olm (07) URS-USA 1990 (38)}) 10... Rc8 (10... a6 $6 11.
e5 dxe5 12. Nxc6 bxc6 13. fxe5 Nd5 14. Ne4 $14 {1-0 Timman,J-Ljubojevic,L/Novi
Sad olm (13) NLD-JUG 1990 (42)}) (10... Qc8 $5 11. Nf3 Qc7 12. Kb1 a6 13. Bd3
e5 14. f5 Nb4 15. Rhg1 d5 16. exd5 Nfxd5 $132 {Wolff,P-Dlugy, Toronto 1989})
11. e5 (11. Bb3 Na5 12. e5 Nxb3+ 13. axb3 Ne8 14. Kb1 Qa5 15. Bc1 dxe5 16. fxe5
Nc7 $10 {0-1 Szuk,B-Feher,G/Budapest FS DecGM (08) ;EXP 45 1994 (34)}) (11. f5
Na5 12. Bd3 e5 13. Nb3 b5 14. Bxb5 Rxc3 15. bxc3 Nxe4 $10 {Kholmov,R-Tal,M/URS/
1968/}) 11... Ne8 (11... dxe5 12. Nxc6 bxc6 13. fxe5 Nd5 14. Ne4 Qc7 15. Bc5
$16) (11... Nxd4 12. Bxd4) 12. Nxc6 Bxc6 13. f5 exf5 (13... Bxg2 14. Rhg1 (14.
fxe6 Rxc4 15. exf7+ Rxf7 16. Qxg2 $16) 14... Bh3 15. f6 $16) (13... d5 14. Bd3
$16) 14. e6 Kh8 (14... f6 15. Bxa7 $16) 15. exf7 Nf6 16. Be6 Bd7 17. Bb3 $1 {
Um dem B-Tausch aus dem Wege zu gehen, opfert Topalov die Qualität.} (17. Bd4
Ne4 (17... Bxe6 $5 {Dolmatov} 18. Qxe6 Qd7 19. Qxd7 Nxd7 20. Nd5 Bg5+ 21. Kb1
Rxf7 22. Bxa7 $10) 18. Bb3 (18. Bxd7 $2 {Dolmatov} Nxc3 $15)) 17... f4 (17...
Ng4 {Dolmatov} 18. Bf4 Bg5 19. Qd2 Bxf4 20. Qxf4) (17... Bc6 $5 {Dolmatov} 18.
Rhf1 Qd7) 18. Bxf4 Bg4 19. Qe3 Bxd1 20. Rxd1 a6 21. Be6 Rc5 22. g4 b5 23. h4 b4
24. Ne2 Qc7 (24... Qa8 {Dolmatov} 25. g5 Nd5 26. Bxd5 Rxd5 27. Qxe7 Rxd1+ 28.
Kxd1 Qd5+ 29. Ke1 Qh1+ 30. Kf2 Qxh4+ 31. Bg3) 25. g5 (25. Nd4 {Dolmatov} Nd5 (
25... Qb7 26. g5 Nd5 27. Bxd5 Rxd5) 26. Bxd5 Rxd5 27. Ne6 Rxd1+ 28. Kxd1 $16)
25... Rxc2+ 26. Kb1 Nh5 (26... Nd7 {Dolmatov} 27. Bb3 Rc5 28. Qxe7) 27. Bh2 g6
(27... b3 $5 28. axb3 (28. Bxb3 Rc8 $132) 28... g6 $16) 28. Bb3 Rc5 (28... Rc8
29. Qd3 Rc6 30. Be6 $16) 29. Nf4 Re5 (29... Ng7 {Dolmatov} 30. Ne6 Nxe6 31.
Qxe6 $18) 30. Qd4 Nxf4 31. Bxf4 Qc5 32. Bxe5+ dxe5 (32... Qxe5 33. Qf2 $16) 33.
Qe4 Kg7 34. Bd5 Qd6 35. Bb3 Qc5 36. Rc1 Qd4 37. Qb7 Bd8 38. Rd1 Qb6 (38... Qxh4
$2 39. Rxd8 Rxd8 40. f8=Q+ Kxf8 41. Qf7#) 39. Qe4 Bc7 40. Bc4 a5 41. Rd7 a4 (
41... Qg1+ {Dolmatov} 42. Kc2 Qf2+ 43. Kb3 Qg3+ 44. Ka4 $16) 42. Qf3 Bd8 43.
Qg3 Bc7 44. b3 a3 45. Qf3 Bd8 46. Kc2 Kh8 47. Kd3 Kg7 48. Ke2 Kh8 49. Qd5 Bc7
50. Rd8 $3 {The most beautiful winning move.} (50. Rxc7 $1 {Petursson} Qxc7 51.
Qe6 {now Black must give a piece and resign}) 50... Bxd8 (50... Rxd8 51. Qxd8+
Bxd8 52. f8=Q#) 51. Qxe5+ Bf6 52. Qxf6+ Qxf6 53. gxf6 h5 (53... h6 54. Kf3 Kh7
55. Kf4 Kh8 56. Ke5 Kh7 57. Ke6 Rb8 58. Bb5 Rf8 59. Ke7 $16) 54. Kf3 Kh7 55.
Kf4 Kh6 56. Ke5 g5 57. Ke6 Rb8 58. Bb5 Rh8 (58... Kg6 {Dolmatov} 59. Be8 Rb6+
60. Ke5 Rxf6 61. f8=Q+ $18) 59. Ke7 Kg6 60. Bd3+ 1-0